• 首页
  • 本馆介绍
  • 公告通知
  • 最新文献
  • 馆藏检索
  • 电子资源
  • 读者导购
  • 参考咨询
  • 我的图书馆
  • 登录
  • 详细信息显示
  • 放入我的书架
  • 预约/预借图书
  • 作者相关作品
  • 分类相关作品
  • 丛书相关作品
  • 出版社相关作品

书目信息

  • 表格格式
  • 工作单格式
  • 卡片格式
题名:
容易写错的字
    
 
作者: 北京师范学院中文系编写组
分册:  
出版信息: 北京   北京人民出版社  1972
页数: 72页
开本: 19cm
丛书名: 语文小丛书
单 册:
中图分类: H124.1
科图分类:
主题词: 错别字∶汉字--分析 , 汉字∶错别字--分析
电子资源:
ISBN:
000 00805nam2 2200265 45
001 0188004557
005 20070803081129.73
010    @dCNY0.14
091    @a9.3
100    @a19910411d1972 m y0chiy0120 ea
101 0  @achi
102    @aCN@b110000
105    @ay z 000yy
200 10 @a容易写错的字@Arong yi xie cuo de zi@f北京师范学院中文系编写组@Fbei jing shi fan xue yuan zhong wen xi bian xie zu
210    @a北京@c北京人民出版社@d1972
215    @a72页@d19cm
225 2  @a语文小丛书
410  0 @120010@a语文小丛书
540 1  @a错 字@Acuo zi
606    @a错别字∶汉字@x分析
606    @a汉字∶错别字@x分析
690    @aH124.1@v4
701  0 @a北京师范学院中文系编写组@Abei jing shi fan xue yuan zhong wen xi bian xie zu
801  0 @aCN@bTSSF@c20070803
905    @a10447@dH124.1@e151
    
    容易写错的字/北京师范学院中文系编写组.-北京:北京人民出版社,1972
    72页;19cm.-(语文小丛书)
    
    
    ISBN :CNY0.14
    
●
相关链接 在E读中查询图书 在五车中查询图书 在当当中查询图书 在豆瓣中查询图书


正题名:容易写错的字     索取号:H124.1/151         预约/预借

序号 登录号 条形码 馆藏地/架位号 状态 备注
1 0790971   207909717   第二样本阅览室/ [索取号:H124.1/151] 在馆    
唐山师范学院图书馆 欢迎您!
大连网信软件有限公司© 版权所有